00430nam a2200157 a 45000010005000000030009000050080041000140400028000550820015000831000020000982450057001182600033001753000015002086500022002236500027002453903CO-ViMGA141112s2004 ck r 000 u spa d aCO-ViMGAbspacCO-ViMGA04a636.2 C4871 aChurch, David C10aEl rumiante : bfisiología digestiva y nutrición aZaragoza : bAcribia, c1993 a641 p : il14aFISIOLOGIA ANIMAL14aRUMIANTES - FISIOLOGIA